000 013080000a22002170004500
020 _a84-7228-229-5
041 0 _aSPA
082 0 4 _aG 173 O751l
100 1 _aOrr, William W.
245 1 0 _aLo que toda futura madre cristiana debe saber / William W. Orr ; Samuel Vila, Traductor
260 _aTerrassa, Barcelona, España : CLIE
300 _a70 Pag.
500 _aTítulo original : What every christian to be mother should know
505 0 0 _aUn milagro maravilloso -- los bebés son idea de Dios -- perfectamente normal -- su bebé lo merece -- otros pasos para tener un hogar feliz -- ¿se debe planear la llegada de un hijo? -- ¿cuántos hijos y en qué intervalo? -- preparados para la tarea -- preparados para el hogar -- mientras usted espera -- niños de la biblia -- nueve meses hasta el día del nacimiento -- preparativos para el hospital -- ¿niño o niña? -- el día del nacimiento -- ¿qué es un bebé? -- el cuidado de su alimentación -- el largo oficio de la maternidad -- la parte del padre -- el crecimiento -- los abuelos -- niños adoptados -- ílos bebés son tan divertidos!
650 1 4 _aMUJERES \ EDUCACION DE LA MUJER
001 1267
942 _cBK
999 _c32590
_d32590
336 _atexto
_btxt
_2rdacontent
337 _2rdamedia
_asin mediación
_bn
338 _2rdacarrier
_avolumen
_bnc